000
00196nam a2200109Ia 4500
100
_a
#N/A
942
_c
BK
245
_a
Samsung Unpacked 2014
260
_b
#N/A
546
_a
ENGLISH
999
_c
20547
_d
20547